Normal view
MARC view
Entry Personal Name
001 - CONTROL NUMBER
- control field: 17999
003 - CONTROL NUMBER IDENTIFIER
- control field: ARRUPE
005 - DATE AND TIME OF LATEST TRANSACTION
- control field: 20150713140917.0
008 - FIXED-LENGTH DATA ELEMENTS
- fixed length control field: 150713|| aca||aabn | a|a d
040 ## - CATALOGING SOURCE
- Original cataloging agency: ARRUPE
- Transcribing agency: ARRUPE
100 ## - HEADING--PERSONAL NAME
- Personal name: Kendall, R.T.
670 ## - SOURCE DATA FOUND
- Source citation: Work cat.: (ARRUPE): Kendall, R.T., Totally forgiving ourselves , 2007